Intimate enemy: loss and recovery of self under colonialism Ed 2 (Record no. 167157)
[ view plain ]
| 000 -LEADER | |
|---|---|
| fixed length control field | 00691nam a2200241Ia 4500 |
| 003 - CONTROL NUMBER IDENTIFIER | |
| control field | OSt |
| 005 - DATE AND TIME OF LATEST TRANSACTION | |
| control field | 20230622151246.0 |
| 008 - FIXED-LENGTH DATA ELEMENTS--GENERAL INFORMATION | |
| fixed length control field | 210423s2015 xx 000 0 und d |
| 020 ## - INTERNATIONAL STANDARD BOOK NUMBER | |
| International Standard Book Number | 0-19-806217-6 |
| 040 ## - CATALOGING SOURCE | |
| Transcribing agency | AL |
| 041 ## - LANGUAGE CODE | |
| Language code of text/sound track or separate title | eng |
| 082 ## - DEWEY DECIMAL CLASSIFICATION NUMBER | |
| Classification number | 325.341 |
| Edition number | 23 |
| Item number | NANI |
| 100 ## - MAIN ENTRY--PERSONAL NAME | |
| Personal name | NANDY (Ashis) |
| 9 (RLIN) | 111922 |
| 245 ## - TITLE STATEMENT | |
| Title | Intimate enemy: loss and recovery of self under colonialism Ed 2 |
| 250 ## - EDITION STATEMENT | |
| Edition statement | 2 |
| 260 ## - PUBLICATION, DISTRIBUTION, ETC. | |
| Place of publication, distribution, etc. | ND |
| Name of publisher, distributor, etc. | Oxford University Press |
| Date of publication, distribution, etc. | 2015 |
| 300 ## - PHYSICAL DESCRIPTION | |
| Extent | xx,132 |
| Other physical details | PB |
| 365 ## - TRADE PRICE | |
| Price amount | 265 |
| Currency code | INR |
| 650 ## - SUBJECT ADDED ENTRY--TOPICAL TERM | |
| Topical term or geographic name entry element | International Migration |
| 9 (RLIN) | 111923 |
| 650 ## - SUBJECT ADDED ENTRY--TOPICAL TERM | |
| Topical term or geographic name entry element | Political Science |
| 9 (RLIN) | 111924 |
| 906 ## - LOCAL DATA ELEMENT F, LDF (RLIN) | |
| a | colonialism ; enemy ; Intimate ; Loss ; recovery ; self ; under |
| 942 ## - ADDED ENTRY ELEMENTS (KOHA) | |
| Source of classification or shelving scheme | Dewey Decimal Classification |
| Koha item type | Book |
| Withdrawn status | Lost status | Damaged status | Not for loan | Collection code | Home library | Current library | Date acquired | Source of acquisition | Cost, normal purchase price | Total Checkouts | Full call number | Barcode | Date last seen | Price effective from | Koha item type | Date last checked out |
|---|---|---|---|---|---|---|---|---|---|---|---|---|---|---|---|---|
| MA English | St Aloysius PG Library | St Aloysius PG Library | 09/28/2015 | Biblios Book Point | 265.00 | 325.341NANI | PG013658 | 08/24/2022 | 04/26/2021 | Book | ||||||
| MA English | St Aloysius PG Library | St Aloysius PG Library | 09/28/2015 | Biblios Book Point | 265.00 | 1 | 325.341NANI | PG013659 | 04/10/2023 | 04/26/2021 | Book | 03/30/2023 |